000 00602nam a2200205Ia 4500
003 GCL
008 140319s9999 xx 000 0 ara d
040 _aGCL /
_cGCL
082 0 4 _a658.31
_bش س
100 1 _aشوقى حسين عبدالله
245 1 0 _aسياسات الافراد /
_cشوقى حسين عبدالله
260 _a[S.N] :
_bدار النهضة العربية ،
_c1993
300 _a269 ص
490 _a
650 0 4 _aادارة الافراد
650 0 4 _aالاجور
650 0 4 _aتقسيم الوظائف
650 0 4 _aحوافز الانتاج
942 _2ddc
_cBK
999 _c54488
_d54488